000 00863nam a2200217 4500
005 20240530110549.0
008 160625s2014 ua o|||g b||| 00| 0 ara d
017 _a2013/20890
_bمصر. دار الكتب المصرية
020 _a9789773223199
040 _aEG-CaGPL
082 0 4 _a953.08
_bق/ق ا
_221
100 0 _aقاسم عبده قاسم
245 1 2 _aالاسواق المصرية فى عصر سلاطين المماليك /
_cقاسم عبده قاسم.
250 _aط. 1.
260 _aالجيزة، مصر :
_bعين للدارسات والبحوث الانسانية والاجتماعية،
_c2014.
300 _a135 ص. :
_bصور ؛
_c24 سم.
504 _aببليوجرافية : ص. 115-118.
651 0 4 _aمصر
_xتاريخ
_yالمماليك (1250-1517 م)
942 _2ddc
_cBK
999 _c62429
_d62429